Statystyki dla Wszyscy ukraińscy skoczkowie narciarscy w historii

Kliknij tutaj aby rozwiązać quiz!

Ogólne statystyki

  • Ten quiz został rozwiązany 5 razy
  • Średni wynik to 4 z 23

Statystyki odpowiedzi

Odpowiedź% Poprawnych
Jewhen Marusiak
100%
Anton Korczuk
60%
Witalij Kaliniczenko
60%
Witalij Szumbareć
40%
Wołodymyr Boszczuk
40%
Andrij Waskuł
20%
Mykoła Smyk
20%
Oleksandr Łazarowycz
20%
Wołodymyr Werediuk
20%
Andrij Hływka
0%
Andrij Kalinczuk
0%
Andrij Kłymczuk
0%
Denys Cwietkow
0%
Ihor Bojczuk
0%
Illa Czebołda
0%
Iwan Kozłow
0%
Jurij Mykytyneć
0%
Lubym Kohan
0%
Stepan Pasicznyk
0%
Walerij Wdowenko
0%
Wasyl Hrybowycz
0%
Wasyl Żurakiwski
0%
Wołodymyr Hływka
0%

Rozkład punktacji

Percentyl według liczby udzielonych odpowiedzi

Procent ludzi z każdym wynikiem

Twoja historia wyników

Nie rozwiązałeś tego quizu